LEADER 01145nam a2200265 u 4500 001 000000018012 003 CaOOAMICUS 005 20070226110627.0 008 941219s1938 it u000 u ita u 035 $a10420745 040 $aPUL(R)$bita 041 0 $aita$agrc 100 1 $aLazzati, Giuseppe,$d1909-1986.$0(OLS)http://pul/name/1014 245 12$aL'Aristotele perduto e gli scrittori cristiani /$cGiuseppe Lazzati. 260 $aMilano :$bVita e pensiero,$c1938. 300 $ax, 79 p. ;$c26 cm 490 1 $aPubblicazioni della Universitą cattolica del Sacro Cuore.$aSerie 4, Scienze filologiche ;$v26 504 $aBibliografia in nota. 830 0$aPubblicazioni della Universitą cattolica del Sacro Cuore.$nSerie 4,$pScienze filologiche ;$v26.$0(OLS)http://pul/title/6697 850 $aPUL 852 $aPUL$W1$xDP2 Filosofia 1$y62$m82 G 2$j25369$nBK-PRI$b $qStampati$B25369$CPULBib$Z2$F25369 $81 941 1 $a8 961 $aEx libris: Salvator Riccobono. 996 $6245$aL'Aristotele perduto e gli scrittori cristiani$9(OLS)http://pul/title/25736 996 $6260$aMilano :$bVita e pensiero$9(OLS)http://pul/publisher/48016 LEADER 01303nam a2200289 a 4500 001 000000123076 003 CaOOAMICUS 005 20100927101044.0 008 100927t2008 ctud u000 u eng r 020 $a978-0-300-14045-3 040 $aPUL$bita 130 0 $aBiblia.$pN.T.$pAd Philippenses.$lInglese.$0(OLS)http://pul/title/41536 245 10$aPhilippians :$ba new translation with introduction and commentary /$cJohn Reumann. 260 $aNew Haven and London :$bYale University press,$c©2008. 300 $axxiv, 805 p. :$bgrafici ;$c24 cm 490 1 $aAnchor Yale Bible ;$v33B 500 $aComprende indici. 630 04$aBiblia.$pN.T.$pAd Philippenses$xCommenti.$0(OLS)http://pul/subject/8031 700 1 $aReumann, John.$0(OLS)http://pul/name/8357 830 0$aAnchor Yale Bible ;$v33B.$0(OLS)http://pul/title/155114 850 $aPUL 852 $aPUL$W1$xSL Religione 1$y3$m1(6) G 33B$j141444$qStampati$B140476$CPULBib$Z2$F140476 $H114814 $82 941 1 $a8 996 $6020$a978-0-300-14045-3$9(OLS)http://pul/number/145431 996 $6245$aPhilippians :$ba new translation with introduction and commentary$9(OLS)http://pul/title/155113 996 $6260$aNew Haven and London :$bYale University press$9(OLS)http://pul/publisher/75529